000 00667nam a2200241Ia 4500
003 OSt
005 20220924143501.0
006 a|||||r|||| 00| 0
007 ta
008 220923b |||||||| |||| 00| 0 urd d
024 _a308496
037 _cTextual
040 _aARTS
_cARTS
_burd
041 _2urd
_aurd
082 _aO142,3M09, 168M4
100 _aTaqi Haidar Tr.
_9215950
245 0 _aNikolai gogol
_b Taweel afsane
260 _c1984
650 _aRUSSIAN LITERATURE
_915056
700 _a Sabirah Zaidi Tr.
_9215951
942 _hO142,3M09, 168M4
_cTEXL
_2CC
999 _c454653
_d454653